Online katalóg knižníc regiónu Turca

Nezbedný Posmievajko, (Record no. 21618)

MARC details
000 -LEADER
fixed length control field 02143cam a2200541 4500
001 - CONTROL NUMBER
control field 21618
003 - CONTROL NUMBER IDENTIFIER
control field VRT
005 - DATE AND TIME OF LATEST TRANSACTION
control field 20260306143104.0
008 - FIXED-LENGTH DATA ELEMENTS--GENERAL INFORMATION
fixed length control field 200104s2018 xo a br 000 j slo
015 ## - NATIONAL BIBLIOGRAPHY NUMBER
National bibliography number SNBA2018/06
020 ## - INTERNATIONAL STANDARD BOOK NUMBER
International Standard Book Number 9788010027774
Qualifying information (viazané)
035 ## - SYSTEM CONTROL NUMBER
System control number urn:nbn:sk:snk-am00d3ps
035 ## - SYSTEM CONTROL NUMBER
System control number urn:nbn:sk:snk-am3hkmy
035 ## - SYSTEM CONTROL NUMBER
System control number 92E8C127-52DF-47BC-8002-F46C61129D0B
039 #9 - LEVEL OF BIBLIOGRAPHIC CONTROL AND CODING DETAIL [OBSOLETE]
Level of rules in bibliographic description 202008111523
Level of effort used to assign nonsubject heading access points AUTHORITY
Level of effort used to assign subject headings 202001041258
Level of effort used to assign classification VLOAD
Level of effort used to assign subject headings 201807171501
Level of effort used to assign classification msnk21
Level of effort used to assign subject headings 201806141250
Level of effort used to assign classification mpppk18
040 ## - CATALOGING SOURCE
Original cataloging agency SVKBB
Language of cataloging slo
Transcribing agency SVKBB
Modifying agency PPPK
-- SNK
Description conventions rda
041 1# - LANGUAGE CODE
Language code of text/sound track or separate title slo
Language code of original pol
044 ## - COUNTRY OF PUBLISHING/PRODUCING ENTITY CODE
MARC country code xo
ISO country code SK
072 #7 - SUBJECT CATEGORY CODE
Subject category code 821.162.1
Subject category code subdivision Poľská literatúra
Source konspekt
080 ## - UNIVERSAL DECIMAL CLASSIFICATION NUMBER
Universal Decimal Classification number 821.162.1-34
Edition identifier 2011
080 ## - UNIVERSAL DECIMAL CLASSIFICATION NUMBER
Universal Decimal Classification number 82-93-053.2
Edition identifier 2011
100 1# - MAIN ENTRY--PERSONAL NAME
Personal name Duszyńska, Julia,
Dates associated with a name 1896-1948
Relationship aut
240 10 - UNIFORM TITLE
Uniform title Cudaczek-Wyśmiewaczek
Language of a work Slovensky
245 10 - TITLE STATEMENT
Title Nezbedný Posmievajko,
Remainder of title ktorého všetky (ne)poslušné deti dobre poznajú...
Statement of responsibility, etc. Julia Duszyńska ; ilustrovala Božena Plocháňová ; preklad Jozef Brandobur
250 ## - EDITION STATEMENT
Edition statement 2. vydanie
264 #1 - PRODUCTION, PUBLICATION, DISTRIBUTION, MANUFACTURE, AND COPYRIGHT NOTICE
Place of production, publication, distribution, manufacture Bratislava
Name of producer, publisher, distributor, manufacturer Slovenské pedagogické nakladateľstvo - Mladé letá
Date of production, publication, distribution, manufacture, or copyright notice 2018
300 ## - PHYSICAL DESCRIPTION
Extent 63 strán
Other physical details ilustrácie
Dimensions 24 cm
336 ## - CONTENT TYPE
Content type term text
Content type code txt
Source rdacontent
336 ## - CONTENT TYPE
Content type term statický obraz
Content type code sti
Source rdacontent
337 ## - MEDIA TYPE
Media type term bez média
Media type code n
Source rdamedia
338 ## - CARRIER TYPE
Carrier type term zväzok
Carrier type code nc
Source rdacarrier
500 ## - GENERAL NOTE
General note Preložené z poľštiny
521 8# - TARGET AUDIENCE NOTE
Target audience note Pre čitateľov od 7 rokov
655 #7 - INDEX TERM--GENRE/FORM
Genre/form data or focus term poľské rozprávky
Source of term SNKPH
655 #7 - INDEX TERM--GENRE/FORM
Genre/form data or focus term Polish fairy tales
Source of term SNKPHeng
655 #7 - INDEX TERM--GENRE/FORM
Genre/form data or focus term publikácie pre deti
Source of term SNKPH
655 #7 - INDEX TERM--GENRE/FORM
Genre/form data or focus term Children's literature
Source of term SNKPHeng
700 1# - ADDED ENTRY--PERSONAL NAME
Personal name Plocháňová, Božena,
Dates associated with a name 1929-2020
Relationship ill
700 1# - ADDED ENTRY--PERSONAL NAME
Personal name Brandobur, Jozef,
Dates associated with a name 1908-1976
Relationship trl
942 ## - ADDED ENTRY ELEMENTS (KOHA)
Source of classification or shelving scheme Dewey Decimal Classification
Koha item type Krásna literatúra pre deti
Suppress in OPAC No
949 ## - LOCAL PROCESSING INFORMATION (OCLC)
6 17A1331824
a snkSC 179794
b snk2018/12288
o 1325/18
s 6100:20180720
949 ## - LOCAL PROCESSING INFORMATION (OCLC)
6 17A1331825
a snkSC 179794 D1
b snk2018/12289
o 1325/18
949 ## - LOCAL PROCESSING INFORMATION (OCLC)
6 270001000589586
a svkbbB 58344
b svkbbm 776560
949 ## - LOCAL PROCESSING INFORMATION (OCLC)
6 2889339694
a savukPV 26318
b savuk2018/2309
949 ## - LOCAL PROCESSING INFORMATION (OCLC)
6 3870A25580
a binIL 1419
b bin25580
949 ## - LOCAL PROCESSING INFORMATION (OCLC)
6 273K0634508
a svkpoB 105120
b svkpo627832
Holdings
Stav vyradenia Strata Poškodenie Spôsob nadobudnutia Domovská knižnica Aktuálna knižnica Dátum nadobudnutia Total checkouts Čiarový kód exemplára Date last seen Typ exemplára
      Dar Obecná knižnica Horná Štubňa Obecná knižnica Horná Štubňa 06.03.2026   9788010027774 06.03.2026 Krásna literatúra pre deti
Projekt je podporený Slovenskou asociáciou knižníc
Prevádzkuje Turčianska knižnica Martin 2026